<?xml version="1.0" encoding="UTF-8"?>
<collection xmlns="http://www.loc.gov/MARC21/slim">
 <record>
  <leader>00597cam a2200169 7i4500</leader>
  <controlfield tag="001">0000045727</controlfield>
  <controlfield tag="005">20050825090000.0</controlfield>
  <datafield tag="020" ind1="#" ind2="0">
   <subfield code="a">0849331544 </subfield>
  </datafield>
  <datafield tag="090" ind1="0" ind2="0">
   <subfield code="a">TL 221.15 </subfield>
   <subfield code="b">M689</subfield>
  </datafield>
  <datafield tag="245" ind1="0" ind2="0">
   <subfield code="a">Modern electric, hybrid electric, and fuel cell vehicles : </subfield>
   <subfield code="b">fundamentals, theory, and design  </subfield>
   <subfield code="c">Mehrdad Ehsani ... [et al.].</subfield>
  </datafield>
  <datafield tag="260" ind1="#" ind2="#">
   <subfield code="a">Boca Raton: </subfield>
   <subfield code="b">CRC Press, </subfield>
   <subfield code="c">2005.</subfield>
  </datafield>
  <datafield tag="300" ind1="#" ind2="#">
   <subfield code="a">395 p.: </subfield>
   <subfield code="b">ill.; </subfield>
   <subfield code="c">25 cm..</subfield>
  </datafield>
  <datafield tag="490" ind1="0" ind2="0">
   <subfield code="a">Power electronics and applications series</subfield>
  </datafield>
  <datafield tag="650" ind1="0" ind2="0">
   <subfield code="a">Fuel cells </subfield>
  </datafield>
  <datafield tag="650" ind1="0" ind2="0">
   <subfield code="a">Hybrid electric vehicles </subfield>
  </datafield>
  <datafield tag="700" ind1="1" ind2="1">
   <subfield code="a">Ehsani, </subfield>
   <subfield code="h">Mehrdad </subfield>
  </datafield>
  <datafield tag="999" ind1=" " ind2=" ">
   <subfield code="a">1100036258</subfield>
   <subfield code="b">Book</subfield>
   <subfield code="c">Open Shelf</subfield>
   <subfield code="e">KOLEKSI TERBUKA</subfield>
  </datafield>
 </record>
</collection>
